Sinclair Lewis: an american life

Збережено в:
Бібліографічні деталі
Автор: Schorer, Mark (Автор)
Формат: Книга
Мова:Англійська
Опубліковано: Nueva York McGraw-Hill 1961
Предмети:
Теги: Додати тег
Немає тегів, Будьте першим, хто поставить тег для цього запису!

MARC

LEADER 00000nam a2200000 a 4500
001 UCM1790
003 CL-VaPUC
005 20210415130625.0
008 020412e19610000US |||||||||||||||||eng|d
999 |c 300029  |d 300027 
040 |c Pontificia Universidad Católica de Valparaíso 
082 0 4 |a 928.1  |b SCH  |2 21 
100 0 |a Schorer, Mark  |e author  |9 468662 
245 1 0 |a Sinclair Lewis: an american life 
260 |a Nueva York  |b McGraw-Hill  |c 1961 
300 |a 867 p 
583 |a last modification  |c 20020412 00:00:00  |k Rodrigo Vera 
600 |a Lewis, Sinclair  |d 1885-1951  |9 860642 
650 7 |a ESCRITORES ESTADOUNIDENSES - BIOGRAFIAS  |2 CL-VaPUC  |9 468663 
942 |c BK  |2 ddc 
945 |d 20020412 00:00:00  |a cmena 
952 |0 0  |1 0  |4 0  |6 928_100000000000000_SCH_1961  |7 0  |8 P  |9 357304  |a BIBEDU  |b BIBEDU  |c BIBEDU_PB  |d 2019-11-21  |i 380822K  |o 928.1 SCH 1961  |p 380822K  |r 2024-01-25  |w 2019-11-21  |y BK  |k LIT